| Tag |
First Indicator |
Second Indicator |
Subfields |
| LEADER |
00000cam a22000001i 4500 |
| 001 |
in00003861908 |
| 006 |
m |o d | |
| 007 |
cr |n||||||||| |
| 008 |
170502s2017 njua ob 001 0 eng d |
| 005 |
20250816204941.2 |
| 020 |
|
|
|a 9781118594957 (electronic bk.)
|
| 020 |
|
|
|a 1118594959 (electronic bk.)
|
| 020 |
|
|
|z 9780471687177
|
| 020 |
|
|
|z 0471687170
|
| 024 |
8 |
|
|a 99971996953
|
| 035 |
|
|
|a (NhCcYBP)ebc4822515
|
| 040 |
|
|
|a NhCcYBP
|c NhCcYBP
|d UtOrBLW
|
| 050 |
|
4 |
|a QA276
|b .H22 2017
|
| 082 |
0 |
4 |
|a 519.5/4
|2 23
|
| 100 |
1 |
|
|a Meeker, William Q.,
|e author.
|0 http://id.loc.gov/authorities/names/n81069438
|
| 245 |
1 |
0 |
|a Statistical intervals :
|b a guide for practitioners and researchers.
|
| 250 |
|
|
|a Second edition /
|b William Q. Meeker, Gerald J. Hahn, Luis A. Escobar.
|
| 264 |
|
1 |
|a Hoboken, New Jersey :
|b John Wiley & Sons, Inc.,
|c [2017]
|
| 300 |
|
|
|a 1 online resource.
|
| 336 |
|
|
|a text
|b txt
|2 rdacontent
|
| 337 |
|
|
|a computer
|b c
|2 rdamedia
|
| 338 |
|
|
|a online resource
|b cr
|2 rdacarrier
|
| 490 |
1 |
|
|a Wiley series in probability and statistics
|
| 504 |
|
|
|a Includes bibliographical references and index.
|
| 588 |
|
|
|a Description based on print version record.
|
| 500 |
|
|
|a Electronic resource.
|
| 650 |
|
0 |
|a Mathematical statistics.
|0 http://id.loc.gov/authorities/subjects/sh85082133
|
| 655 |
|
7 |
|a Electronic books.
|2 local
|
| 700 |
1 |
|
|a Hahn, Gerald J.,
|e author.
|0 http://id.loc.gov/authorities/names/n91011675
|
| 700 |
1 |
|
|a Escobar, Luis A.,
|e author.
|0 http://id.loc.gov/authorities/names/n97109702
|
| 710 |
2 |
|
|a ProQuest (Firm)
|0 http://id.loc.gov/authorities/names/n2007068018
|
| 776 |
1 |
8 |
|c Original
|z 9780471687177
|z 0471687170
|w (DLC) 2016053941
|
| 830 |
|
0 |
|a Wiley series in probability and statistics.
|0 http://id.loc.gov/authorities/names/n98048834
|
| 856 |
4 |
0 |
|u https://ebookcentral.proquest.com/lib/tamucs/detail.action?docID=4822515
|y Connect to the full text of this electronic book
|t 0
|
| 955 |
|
|
|a YBP purchased firm e-records
|
| 980 |
|
|
|b 165.00
|g 1
|
| 987 |
|
|
|a ybp13673380
|
| 999 |
f |
f |
|s cc974f07-3bf6-3214-b07c-febb9451f1d0
|i 19839693-4847-3518-ad87-0f1c97b42dbb
|t 0
|
| 952 |
f |
f |
|a Texas A&M University
|b College Station
|c Electronic Resources
|d Available Online
|t 0
|e QA276 .H22 2017
|h Library of Congress classification
|
| 998 |
f |
f |
|a QA276 .H22 2017
|t 0
|l Available Online
|